Estatísticas para Participantes do Campeonato Brasileiro 2018 - Série B

Clique aqui para jogar o quiz

Estatísticas Gerais

  • Esse quiz foi jogado 51 vezes
  • A pontuação média é 19 de 20

Estatísticas das Respostas

Cidade/UFTime% Correto
Goiânia/GOAtlético Goianiense
100%
Florianópolis/SCAvaí
100%
Curitiba/PRCoritiba
100%
Criciúma/SCCriciúma
100%
Florianópolis/SCFigueirense
100%
Fortaleza/CEFortaleza
100%
Londrina/PRLondrina
100%
Campinas/SPPonte Preta
100%
Pelotas/RSBrasil
97%
Goiânia/GOGoiás
97%
Caxias do Sul/RSJuventude
97%
Belém/PAPaysandu
97%
Maceió/ALCSA
94%
Campinas/SPGuarani
94%
Itápolis/SPOeste
94%
Goiânia/GOVila Nova
94%
Maceió/ALCRB
91%
São Luís/MASampaio Corrêa
91%
Varginha/MGBoa Esporte
89%
Sorocaba/SPSão Bento
80%

Distribuição das Pontuações

Percentil de Números Respondidos

Porcentagem de Pessoas com Cada Pontuação

Sua Pontuação Histórica

Você não jogou esse quiz